UM Logo

Bar management and control / (Record no. 10856)

MARC details
000 -LEADER
fixed length control field 00879nam a22002297a 4500
008 - FIXED-LENGTH DATA ELEMENTS--GENERAL INFORMATION
fixed length control field 180924b ||||| |||| 00| 0 eng d
020 ## - INTERNATIONAL STANDARD BOOK NUMBER
International Standard Book Number 978-1-68095-629-0
082 ## - DEWEY DECIMAL CLASSIFICATION NUMBER
Edition number 2017
Classification number DC 641.8
Item number B230
245 ## - TITLE STATEMENT
Title Bar management and control /
Statement of responsibility, etc. edited by Aleksandar Mratinkovic, Dan Piestun, Hazem Shawky Fouda, Felecia Killings, and Sandra El Hajj
260 ## - PUBLICATION, DISTRIBUTION, ETC. (IMPRINT)
Place of publication, distribution, etc. USA :
Name of publisher, distributor, etc. 3G E-learning,
Date of publication, distribution, etc. ©2017.
300 ## - PHYSICAL DESCRIPTION
Extent x, 238 pages :
Other physical details color illustrations ;
Dimensions 23 cm.
500 ## - GENERAL NOTE
General note Includes index.
650 ## - SUBJECT ADDED ENTRY--TOPICAL TERM
Topical term or geographic name as entry element Bar management
9 (RLIN) 31576
650 ## - SUBJECT ADDED ENTRY--TOPICAL TERM
Topical term or geographic name as entry element Bars (Drinking establishments) -- Management.
9 (RLIN) 31577
700 ## - ADDED ENTRY--PERSONAL NAME
Personal name Mratinkovic, Aleksandar, editor
9 (RLIN) 31543
700 ## - ADDED ENTRY--PERSONAL NAME
Personal name Piestun, Dan, editor
9 (RLIN) 31544
700 ## - ADDED ENTRY--PERSONAL NAME
Personal name Fouda, Hazem Shawky, editor
9 (RLIN) 31545
700 ## - ADDED ENTRY--PERSONAL NAME
Personal name Killings, Felecia, editor
9 (RLIN) 31546
700 ## - ADDED ENTRY--PERSONAL NAME
Personal name Hajj, Sandra EI, editor
9 (RLIN) 31547
365 ## - TRADE PRICE
Price amount 4,300.00
Currency code Php.
942 ## - ADDED ENTRY ELEMENTS (KOHA)
Source of classification or shelving scheme Dewey Decimal Classification
Koha item type Circulation
Holdings
Withdrawn status Lost status Source of classification or shelving scheme Damaged status Not for loan Collection code Home library Current library Date acquired Source of acquisition Cost, normal purchase price Total Checkouts Full call number Barcode Date last seen Copy number Price effective from Koha item type
    Dewey Decimal Classification     Circulation UM Digos College - LIC UM Digos College - LIC 08/16/2018 Purchased 4300.00   DC 641.8 B230 2017 25134 05/15/2025 1 09/24/2018 Circulation